00277nam a2200133Ia 45000030006000000080041000060400015000471000014000622450021000762600009000973000006001065460014001120050017001260STCL150530s9999 xx 000 0 und d aSTCLcSTCL aVallathol aMagdalena Mariam c1959 a0 aMalayalam20220125170721.0